MATLAB Graphical Programming /

Salvato in:
Dettagli Bibliografici
Autore principale: López, César Pérez (Autore)
Natura: Libro
Lingua:inglese
Pubblicazione: New York: Apress, 2014
Serie:MATLAB Solutions Series
Soggetti:
Tags: Aggiungi Tag
Nessun Tag, puoi essere il primo ad aggiungerne!!

MARC

LEADER 00000nam a22000003a 4500
001 0077637
003 SK-STU
005 20191118111304.1
007 ta
008 191118s ----xo-----e------000-0-----d
020 |a 978-1-4842-0317-0 
040 |a STU  |b slo 
041 0 |a eng  |h eng 
044 |a xxu 
100 1 |a López, César Pérez  |4 aut  |r Z6 
245 1 0 |a MATLAB Graphical Programming /  |c aut. César Pérez López 
260 |a New York:  |b Apress,  |c 2014 
300 |a 187 s. 
490 0 |a MATLAB Solutions Series 
650 0 7 |a MATLAB 
650 0 7 |a Matlab-programovanie 
650 0 7 |a 3D enviroment 
650 0 7 |a interpolation 
650 0 7 |a Graphical programming 
996 |c V* 52953/O-24110  |l VV4  |s P  |a 0  |w 0077637_0001